[Event "C.to Italiano U16"]
[Site "Merano - Meran ITA"]
[Date "2008.07.08"]
[Round "4"]
[White "Miglietta, Manuel"]
[Black "Caglio, Luigi"]
[Result "1-0"]
[WhiteElo "1604"]
[BlackElo "1925"]
[PlyCount "69"]
[EventDate "2008.07.06"]

1. c4 b5 2. cxb5 e5 3. e4 f5 4. d4 d5 5. exd5 e4 6. Nc3 Bd6 7. Nh3 Nf6 8. Bc4
O-O 9. Ng5 Ng4 10. g3 e3 11. f4 Qf6 12. Ne6 Nd7 13. Qf3 Nb6 14. Bb3 Bb7 15. h3
Nf2 16. Bxe3 Nxh1 17. Nxf8 Re8 18. Kd2 Nxg3 19. Qxg3 Kxf8 20. Re1 Qh6 21. Kd3
a6 22. a4 axb5 23. axb5 Bc8 24. h4 Bd7 25. Ra1 Nc8 26. Qg5 Qxg5 27. hxg5 Ne7
28. Ra7 Ng6 29. b6 Nxf4+ 30. Bxf4 Bxf4 31. b7 Rb8 32. Ra8 c6 33. Ba4 Ke7 34.
dxc6 Be8 35. Nd5+ 1-0

[Event "C.to Italiano U16"]
[Site "Merano - Meran ITA"]
[Date "2008.07.08"]
[Round "4"]
[White "Muccini, Marco"]
[Black "Valsecchi, Alessio"]
[Result "0-1"]
[WhiteElo "1866"]
[BlackElo "2298"]
[PlyCount "74"]
[EventDate "2008.07.06"]

1. d4 Nf6 2. c4 c5 3. d5 e6 4. Nc3 exd5 5. cxd5 d6 6. e4 g6 7. Bd3 Bg7 8. Nge2
O-O 9. O-O a6 10. a4 Re8 11. h3 Nbd7 12. f4 c4 13. Bc2 Nc5 14. Ng3 Nfd7 15. Be3
Rb8 16. Bd4 b5 17. axb5 axb5 18. Bxg7 Kxg7 19. Nce2 Qf6 20. Nd4 Rb7 21. b3 cxb3
22. Nxb3 Nxb3 23. Bxb3 Nc5 24. Bc2 b4 25. Ba4 Bd7 26. Bxd7 Nxd7 27. Qg4 Kh8 28.
Ra6 Qe7 29. f5 b3 30. Rb1 Ne5 31. Qe2 Qg5 32. Kh2 Rd8 33. Qe1 Rc8 34. Rxd6 Rc2
35. f6 h5 36. Rd8+ Kh7 37. Qa5 Nf3+ 0-1

[Event "C.to Italiano U16"]
[Site "Merano - Meran ITA"]
[Date "2008.07.08"]
[Round "4"]
[White "Pomaro, Alberto"]
[Black "Lisi, Davide"]
[Result "1/2-1/2"]
[WhiteElo "2246"]
[BlackElo "1999"]
[PlyCount "57"]
[EventDate "2008.07.06"]

1. e4 c5 2. Nf3 Nc6 3. d4 cxd4 4. Nxd4 Nf6 5. Nc3 g6 6. Nxc6 bxc6 7. e5 Ng8 8.
Bc4 Bg7 9. Qf3 f6 10. O-O a5 11. Re1 f5 12. g4 e6 13. gxf5 exf5 14. Qg3 a4 15.
Bg5 Ne7 16. Bf6 Kf8 17. Qh4 h5 18. Qd4 Rh7 19. Ne2 Ba6 20. Nf4 Bxc4 21. Nxg6+
Kf7 22. Nxe7 Bxf6 23. exf6 Be6 24. Re3 Qh8 25. Rf3 Qxf6 26. Nxf5 Bxf5 27. Qf4
Rg7+ 28. Kh1 Rg5 29. Rg1 1/2-1/2

[Event "C.to Italiano U16"]
[Site "Merano - Meran ITA"]
[Date "2008.07.08"]
[Round "4"]
[White "Rombaldoni, Axel"]
[Black "Stella, Andrea"]
[Result "1-0"]
[WhiteElo "2374"]
[BlackElo "2209"]
[PlyCount "59"]
[EventDate "2008.07.06"]

1. e4 e6 2. Qe2 c5 3. Nf3 Nc6 4. g3 d6 5. Bg2 g6 6. c3 Bg7 7. h4 h5 8. O-O Nh6
9. Na3 e5 10. Nc4 b5 11. Ne3 Rb8 12. a4 a6 13. axb5 axb5 14. Nd5 O-O 15. d4
cxd4 16. cxd4 Ng4 17. dxe5 dxe5 18. Rd1 Nd4 19. Nxd4 exd4 20. Bg5 Qd7 21. Bf4
Rb7 22. Ra6 b4 23. b3 Ne5 24. Rxd4 Ra7 25. Rxa7 Qxa7 26. Rxb4 Nc6 27. Rc4 Ba6
28. Be3 Nd4 29. Qa2 Ra8 30. Ra4 1-0

[Event "C.to Italiano U16"]
[Site "Merano - Meran ITA"]
[Date "2008.07.09"]
[Round "5"]
[White "Coladangelo, Andrea"]
[Black "Dritsakos, Alessio"]
[Result "1-0"]
[WhiteElo "1866"]
[BlackElo "1848"]
[PlyCount "41"]
[EventDate "2008.07.06"]

1. e4 e5 2. Nf3 Nc6 3. d4 exd4 4. Nxd4 Bc5 5. Nxc6 Qf6 6. Qd2 Qxc6 7. Nc3 Nf6
8. Bd3 O-O 9. O-O a6 10. e5 Ng4 11. Qg5 d6 12. Qh4 h6 13. Be4 Qd7 14. Nd5 dxe5
15. h3 c6 16. Nc3 Nf6 17. Bxh6 Nxe4 18. Nxe4 Be7 19. Qg3 g6 20. Bxf8 Bxf8 21.
Nf6+ 1-0

[Event "C.to Italiano U16"]
[Site "Merano - Meran ITA"]
[Date "2008.07.09"]
[Round "5"]
[White "Dappiano, Andrea"]
[Black "Ferri, Fabio"]
[Result "1-0"]
[WhiteElo "1889"]
[BlackElo "1662"]
[PlyCount "87"]
[EventDate "2008.07.06"]

1. c4 e5 2. Nc3 Nf6 3. Nf3 Nc6 4. e4 Bc5 5. Nxe5 Bxf2+ 6. Kxf2 Nxe5 7. d4 Neg4+
8. Kg1 d6 9. h3 Nh6 10. Bxh6 gxh6 11. Kh2 Qe7 12. Bd3 Bd7 13. Nd5 Nxd5 14. exd5
O-O-O 15. Qf3 Qh4 16. Qe4 Qg5 17. Rhf1 Rhg8 18. Qf3 Rde8 19. Rae1 Rxe1 20. Rxe1
f5 21. Rf1 f4 22. Bxh7 Qg3+ 23. Qxg3 fxg3+ 24. Kg1 Re8 25. Bg6 Rg8 26. Rf6 Kd8
27. Bh5 Be8 28. Bg4 h5 29. Be6 Rg6 30. Rf4 Ke7 31. Kf1 Rf6 32. Rxf6 Kxf6 33. h4
Bg6 34. Ke2 Be4 35. Bh3 c6 36. dxc6 bxc6 37. b4 d5 38. c5 a6 39. Ke3 Bb1 40. a3
Be4 41. Kf4 Kg6 42. Kxg3 Bf5 43. Bxf5+ Kxf5 44. Kf3 1-0

[Event "C.to Italiano U16"]
[Site "Merano - Meran ITA"]
[Date "2008.07.09"]
[Round "5"]
[White "Fiorentini, Paolo"]
[Black "Miglietta, Manuel"]
[Result "0-1"]
[WhiteElo "1946"]
[BlackElo "1604"]
[PlyCount "128"]
[EventDate "2008.07.06"]

1. d4 e6 2. c4 d5 3. Nc3 Nf6 4. Nf3 c6 5. e3 Nbd7 6. Bd3 dxc4 7. Bxc4 b5 8. Bd3
Bb7 9. e4 Qc7 10. e5 Nd5 11. Nxd5 exd5 12. O-O Be7 13. Re1 O-O 14. Qc2 g6 15.
Bxb5 Rac8 16. Bd3 Rfe8 17. Bf4 Nf8 18. Rac1 Ne6 19. Be3 Qa5 20. a3 Ba6 21. Bd2
Qb6 22. b4 Bb5 23. Bxb5 cxb5 24. Qxc8 Rxc8 25. Rxc8+ Kg7 26. Be3 a5 27. Rb1
axb4 28. axb4 g5 29. h3 Qa6 30. Rc2 Qa4 31. Rcb2 Kg6 32. Ne1 f5 33. exf6 Bxf6
34. Nc2 Qa7 35. Rd1 Nd8 36. Ne1 Nb7 37. Nd3 Qa3 38. Rbd2 Nd6 39. Ne5+ Kf5 40.
g4+ Ke6 41. Re2 Ne4 42. Bd2 Bxe5 43. dxe5 Qxh3 44. Be1 Qxg4+ 45. Kf1 Qh3+ 46.
Kg1 Qf3 47. Red2 Qg4+ 48. Kf1 Nxd2+ 49. Rxd2 Qxb4 50. f3 Qf4 51. Rc2 Qxf3+ 52.
Kg1 Kxe5 53. Bc3+ Ke4 54. Be1 d4 55. Rc6 d3 56. Re6+ Kd5 57. Re8 Kc4 58. Rc8+
Kb3 59. Rd8 Qe3+ 60. Bf2 Qc1+ 61. Kg2 d2 62. Be3 d1=Q 63. Bxc1 Qxd8 64. Be3 b4
0-1

[Event "C.to Italiano U16"]
[Site "Merano - Meran ITA"]
[Date "2008.07.09"]
[Round "5"]
[White "Forato, Enrico"]
[Black "Rombaldoni, Axel"]
[Result "0-1"]
[WhiteElo "2059"]
[BlackElo "2374"]
[PlyCount "70"]
[EventDate "2008.07.06"]

1. g3 d5 2. Bg2 e5 3. c4 Nf6 4. cxd5 Nxd5 5. Nc3 Ne7 6. Nf3 Nbc6 7. O-O g6 8.
d3 Bg7 9. Bd2 O-O 10. Qc1 Nf5 11. Ne4 Nfd4 12. Nxd4 Nxd4 13. Re1 Bg4 14. Kf1 f5
15. Nc5 f4 16. Qc4+ Kh8 17. f3 Bc8 18. Kf2 b6 19. Ne4 Be6 20. Qc3 a5 21. Rf1 c5
22. e3 Nc6 23. Ke2 Ra7 24. a3 a4 25. Rad1 Rd7 26. Be1 Qa8 27. Bf2 Qa6 28. Rd2
Na5 29. Rfd1 Nb3 30. Rc2 Rfd8 31. Bf1 c4 32. d4 exd4 33. exd4 Nxd4+ 34. Bxd4
Rxd4 35. Rxd4 Rxd4 0-1

[Event "C.to Italiano U16"]
[Site "Merano - Meran ITA"]
[Date "2008.07.09"]
[Round "5"]
[White "Lisi, Davide"]
[Black "Stips, Felix"]
[Result "0-1"]
[WhiteElo "1999"]
[BlackElo "2061"]
[PlyCount "74"]
[EventDate "2008.07.06"]

1. d4 Nf6 2. c4 e6 3. Nf3 b6 4. e3 Bb7 5. Be2 Be7 6. O-O O-O 7. Nc3 d5 8. b3 c5
9. Bb2 Nbd7 10. Rc1 Rc8 11. h3 Bd6 12. Ba3 Qe7 13. Nb5 Bb8 14. cxd5 Nxd5 15.
Bb2 a6 16. Nc3 Nxc3 17. Bxc3 Rfd8 18. Bd3 e5 19. dxe5 c4 20. bxc4 Bxf3 21. gxf3
Nc5 22. Bd4 Bxe5 23. Bxc5 Rxc5 24. f4 Bc7 25. Rc3 b5 26. Qg4 Ba5 27. Ra3 bxc4
28. Bc2 h5 29. Qf3 g6 30. Ra4 Rd2 31. Bb1 Qd6 32. Kg2 Kg7 33. Rc1 Qb6 34. Raxc4
Rxc4 35. Rxc4 Qxb1 36. Qe4 Qxe4+ 37. Rxe4 Rxa2 0-1

[Event "C.to Italiano U16"]
[Site "Merano - Meran ITA"]
[Date "2008.07.09"]
[Round "5"]
[White "Stella, Andrea"]
[Black "Piccinini, Samuele"]
[Result "1-0"]
[WhiteElo "2209"]
[BlackElo "1813"]
[PlyCount "27"]
[EventDate "2008.07.06"]

1. d4 d5 2. c4 e6 3. Nc3 Nf6 4. cxd5 exd5 5. Bg5 c6 6. e3 Nbd7 7. Bd3 Be7 8.
Qc2 O-O 9. Nge2 Re8 10. O-O Ne4 11. Bxe4 dxe4 12. Bf4 f5 13. Nd5 cxd5 14. Bc7
1-0

[Event "C.to Italiano U16"]
[Site "Merano - Meran ITA"]
[Date "2008.07.09"]
[Round "5"]
[White "Valsecchi, Alessio"]
[Black "Pomaro, Alberto"]
[Result "1/2-1/2"]
[WhiteElo "2298"]
[BlackElo "2246"]
[PlyCount "110"]
[EventDate "2008.07.06"]

1. e4 e6 2. d4 d5 3. Nd2 Be7 4. Ngf3 Nf6 5. e5 Nfd7 6. Bd3 c5 7. c3 Nc6 8. O-O
g5 9. Bb5 Qb6 10. Bxc6 bxc6 11. dxc5 Nxc5 12. Nb3 Ne4 13. Be3 Qc7 14. Re1 Rg8
15. Nfd4 c5 16. Nb5 Qb8 17. Nd6+ Nxd6 18. exd6 Qxd6 19. Bxc5 Qc7 20. Bxe7 Qxe7
21. Nd4 Kf8 22. Qh5 Qf6 23. Nc6 Kg7 24. Re3 Qg6 25. Qd1 Rf8 26. Qd4+ Qf6 27.
Re5 h6 28. Rae1 Bd7 29. Nb4 a5 30. Nc2 Kh7 31. Rxd5 Qxd4 32. Rxd4 Bc6 33. c4
Kg6 34. f3 Kf6 35. Ne3 Rfb8 36. Rd2 a4 37. Ng4+ Kg7 38. Ne5 Be8 39. Rc1 Rd8 40.
Rcd1 Rdc8 41. Rd4 f6 42. Nd7 Ra6 43. c5 Rc7 44. Nb8 Raa7 45. Rd8 Kf7 46. c6
Bxc6 47. Nxc6 Rxc6 48. R8d7+ Rxd7 49. Rxd7+ Kg6 50. Rd2 f5 51. Kf2 Kf6 52. Ke2
Ke5 53. Kd1 h5 54. b4 axb3 55. axb3 Rb6 1/2-1/2

[Event "C.to Italiano U16"]
[Site "Merano - Meran ITA"]
[Date "2008.07.09"]
[Round "5"]
[White "Verardi, Alessandro"]
[Black "Fiducioso, Marco"]
[Result "0-1"]
[WhiteElo "1614"]
[BlackElo "2103"]
[PlyCount "60"]
[EventDate "2008.07.06"]

1. e4 e6 2. d4 d5 3. Nc3 Nf6 4. e5 Nfd7 5. f4 c5 6. Nf3 Nc6 7. Be3 Qb6 8. Na4
Qa5+ 9. c3 cxd4 10. b4 Qd8 11. Bxd4 Be7 12. a3 Nf8 13. Bc5 Nd7 14. Bxe7 Qxe7
15. c4 O-O 16. cxd5 exd5 17. Bb5 a5 18. O-O axb4 19. Qxd5 bxa3 20. Bxc6 bxc6
21. Qxc6 Bb7 22. Qxb7 Rxa4 23. Qc7 Qc5+ 24. Qxc5 Nxc5 25. g3 Rfa8 26. Ra2 Nd3
27. Rb1 Nb4 28. Rd2 Rc8 29. Kg2 a2 30. Rbd1 h6 0-1

[Event "C.to Italiano U16"]
[Site "Merano - Meran ITA"]
[Date "2008.07.10"]
[Round "6"]
[White "Albertini, Luca"]
[Black "Valsecchi, Alessio"]
[Result "0-1"]
[WhiteElo "1887"]
[BlackElo "2298"]
[PlyCount "66"]
[EventDate "2008.07.06"]

1. d4 Nf6 2. c4 c5 3. Nf3 cxd4 4. Nxd4 e5 5. Nb3 Nc6 6. Nc3 Bb4 7. Bd2 Bxc3 8.
Bxc3 O-O 9. Qc2 d5 10. cxd5 Qxd5 11. e3 Bg4 12. Qd2 Qe6 13. f3 Rfd8 14. Qf2 Bh5
15. Be2 a5 16. O-O a4 17. Nd2 a3 18. Bc4 Rxd2 19. Bxe6 Rxf2 20. Bxf7+ Bxf7 21.
Rxf2 Nd5 22. e4 Nxc3 23. bxc3 Rd8 24. Rb1 Rd7 25. g3 Bc4 26. f4 b5 27. h4 Rd3
28. Kh2 Rxc3 29. Rd1 Rd3 30. Rdf1 h6 31. fxe5 Nxe5 32. Rf8+ Kh7 33. Re8 Rd2+
0-1

[Event "C.to Italiano U16"]
[Site "Merano - Meran ITA"]
[Date "2008.07.10"]
[Round "6"]
[White "Castellini, Alessandro"]
[Black "Fiorentini, Paolo"]
[Result "0-1"]
[WhiteElo "1600"]
[BlackElo "1946"]
[PlyCount "80"]
[EventDate "2008.07.06"]

1. e4 c5 2. Nf3 d6 3. d4 cxd4 4. Nxd4 Nf6 5. Nc3 a6 6. Be2 e5 7. Nb3 Be6 8. O-O
Be7 9. f4 exf4 10. Bxf4 O-O 11. e5 dxe5 12. Bxe5 Nbd7 13. Bg3 Qc8 14. Bf3 Nb6
15. Nd2 Rd8 16. Qc1 Bc5+ 17. Bf2 Ng4 18. Nde4 Nxf2 19. Nxf2 Nc4 20. Nce4 Be3
21. Qe1 Ba7 22. Qc3 Bd4 23. Qb4 a5 24. Qe7 Ne3 25. c3 Ba7 26. Ng5 Rd7 27. Qa3
Nc2 28. Qa4 Nxa1 29. Qe4 g6 30. Qh4 h5 31. Bxh5 gxh5 32. Kh1 Bxf2 33. Qxh5 Bf5
34. Rxf2 Bg6 35. Qg4 Qd8 36. h3 Rd1+ 37. Kh2 Qd6+ 38. g3 Rd2 39. Ne4 Rxf2+ 40.
Kg1 Qe6 0-1

[Event "C.to Italiano U16"]
[Site "Merano - Meran ITA"]
[Date "2008.07.10"]
[Round "6"]
[White "Coladangelo, Andrea"]
[Black "Forato, Enrico"]
[Result "0-1"]
[WhiteElo "1866"]
[BlackElo "2059"]
[PlyCount "92"]
[EventDate "2008.07.06"]

1. e4 c5 2. Nf3 d6 3. d4 cxd4 4. Nxd4 Nf6 5. Nc3 a6 6. Bg5 e6 7. f4 Be7 8. Qf3
Nbd7 9. O-O-O Qc7 10. g4 h6 11. Bxf6 Bxf6 12. h4 g5 13. hxg5 hxg5 14. Rxh8+
Bxh8 15. fxg5 Qa5 16. Nb3 Qxg5+ 17. Kb1 Be5 18. a4 Nf6 19. Be2 Bd7 20. Nd4 Ke7
21. Qh3 Rg8 22. Nf3 Qxg4 23. Qxg4 Nxg4 24. Rg1 Bxc3 25. bxc3 Nf6 26. Rxg8 Nxg8
27. a5 Kf6 28. Kb2 Ne7 29. Nd4 Nc6 30. Nb3 Ke5 31. Bd3 Kf4 32. c4 e5 33. c5
dxc5 34. Nxc5 Bc8 35. Nb3 Be6 36. Nc5 Nxa5 37. Nxe6+ fxe6 38. Kc3 Nc6 39. Kc4
b6 40. Kb3 b5 41. c4 Na5+ 42. Kb4 Nxc4 43. Kc5 Ke3 44. Bc2 Kd2 45. Bb1 Kc3 46.
Ba2 Kb2 0-1

[Event "C.to Italiano U16"]
[Site "Merano - Meran ITA"]
[Date "2008.07.10"]
[Round "6"]
[White "Fiducioso, Marco"]
[Black "Dappiano, Andrea"]
[Result "1-0"]
[WhiteElo "2103"]
[BlackElo "1889"]
[PlyCount "77"]
[EventDate "2008.07.06"]

1. e4 e6 2. d4 d5 3. e5 c5 4. c3 Nc6 5. Nf3 Qb6 6. a3 cxd4 7. cxd4 Nh6 8. b4
Nf5 9. Bb2 Be7 10. Be2 Bd7 11. O-O f6 12. Bd3 Nh6 13. Nc3 Nf7 14. Na4 Qd8 15.
Re1 fxe5 16. dxe5 O-O 17. Nc3 Ng5 18. Nxg5 Bxg5 19. g3 Qb6 20. Rf1 Nxe5 21.
Nxd5 exd5 22. Bxe5 Bh3 23. Bd4 Qh6 24. Re1 Rf7 25. Ra2 b6 26. Rae2 Raf8 27. Re8
Qc6 28. Qh5 Qh6 29. Qe2 Bd7 30. Rxf8+ Rxf8 31. Qa2 Bc6 32. Qc2 Rc8 33. Bf5 Bd7
34. Qd3 Re8 35. Rxe8+ Bxe8 36. Qe2 Qc6 37. b5 Qc1+ 38. Kg2 Bf7 39. Qe5 1-0

[Event "C.to Italiano U16"]
[Site "Merano - Meran ITA"]
[Date "2008.07.10"]
[Round "6"]
[White "Miglietta, Manuel"]
[Black "Stella, Andrea"]
[Result "0-1"]
[WhiteElo "1604"]
[BlackElo "2209"]
[PlyCount "100"]
[EventDate "2008.07.06"]

1. c4 Nc6 2. Nc3 Nf6 3. Nf3 e5 4. d3 d5 5. cxd5 Nxd5 6. g3 Be7 7. Bg2 Be6 8.
O-O Qd7 9. Qa4 Nb6 10. Qd1 f6 11. Be3 O-O-O 12. Nd2 Bh3 13. f4 h5 14. Nf3 h4
15. Qe1 hxg3 16. hxg3 exf4 17. gxf4 g5 18. Ne4 Nd5 19. Bd2 Bxg2 20. Kxg2 Qh3+
21. Kf2 g4 22. Rh1 Qxh1 23. Qxh1 Rxh1 24. Rxh1 gxf3 25. Kxf3 Nd4+ 26. Kf2 Ne6
27. Kf3 Bd6 28. e3 Nc5 29. Nxc5 Bxc5 30. Rh5 Bb6 31. d4 c6 32. Rf5 Rf8 33. Bc3
Ne7 34. Rh5 f5 35. Bb4 Kd7 36. Rh6 Rf7 37. Bd6 Ng8 38. Rg6 Rf6 39. Rxg8 Rxd6
40. Rg7+ Kc8 41. Re7 Rd5 42. Re5 Rxe5 43. fxe5 Kd7 44. Kf4 Ke6 45. b4 Bd8 46.
e4 fxe4 47. Kxe4 b5 48. Ke3 Bg5+ 49. Kd3 Kd5 50. Kc3 Be3 0-1

[Event "C.to Italiano U16"]
[Site "Merano - Meran ITA"]
[Date "2008.07.10"]
[Round "6"]
[White "Pomaro, Alberto"]
[Black "Piscitelli, Vito"]
[Result "1-0"]
[WhiteElo "2246"]
[BlackElo "2003"]
[PlyCount "70"]
[EventDate "2008.07.06"]

1. c4 d6 2. g3 e5 3. Bg2 f5 4. d3 Nf6 5. Nc3 c6 6. e4 Be7 7. Nge2 Na6 8. O-O
O-O 9. exf5 Bxf5 10. Be3 Kh8 11. Ne4 Qd7 12. N2c3 Rfd8 13. a3 Nc5 14. b4 Ncxe4
15. dxe4 Be6 16. Qe2 d5 17. exd5 cxd5 18. cxd5 Nxd5 19. Nxd5 Bxd5 20. Rad1 Qc6
21. Rc1 Qe6 22. Bxd5 Rxd5 23. Rc7 Rd7 24. Rfc1 b6 25. Qa6 Rad8 26. Rxa7 Rd1+
27. Rxd1 Rxd1+ 28. Kg2 Qc6+ 29. f3 Qc2+ 30. Bf2 Bd8 31. Qb7 Qg6 32. Ra8 e4 33.
Qxe4 Qf7 34. Qe2 Rd7 35. Bxb6 Qf6 1-0

[Event "C.to Italiano U16"]
[Site "Merano - Meran ITA"]
[Date "2008.07.10"]
[Round "6"]
[White "Stips, Felix"]
[Black "Rombaldoni, Axel"]
[Result "0-1"]
[WhiteElo "2061"]
[BlackElo "2374"]
[PlyCount "60"]
[EventDate "2008.07.06"]

1. e4 c5 2. f4 e6 3. Nf3 d5 4. Bb5+ Nc6 5. Bxc6+ bxc6 6. Nc3 c4 7. d3 cxd3 8.
Qxd3 f5 9. exf5 exf5 10. Be3 Nf6 11. O-O-O Bd6 12. Nd4 Qd7 13. Nb3 O-O 14. g3
a5 15. Nc5 Qe7 16. Qd4 Rb8 17. a3 Nd7 18. Nb3 Rxb3 19. cxb3 Bc5 20. Nxd5 cxd5
21. Qxd5+ Kh8 22. Bxc5 Nxc5 23. Rhe1 Ne4 24. Qxa5 Be6 25. Qe5 Qf7 26. Rxe4 fxe4
27. Qxe4 Rc8+ 28. Kd2 Bf5 29. Qe3 Re8 30. Qc3 Qe6 0-1

[Event "C.to Italiano U16"]
[Site "Merano - Meran ITA"]
[Date "2008.07.10"]
[Round "7"]
[White "Dappiano, Andrea"]
[Black "Bonassi, Tommaso"]
[Result "1-0"]
[WhiteElo "1889"]
[BlackElo "1695"]
[PlyCount "65"]
[EventDate "2008.07.06"]

1. c4 c5 2. Nc3 Nc6 3. g3 g6 4. Bg2 e6 5. d3 Bg7 6. Nf3 Nge7 7. O-O O-O 8. a3
d5 9. cxd5 Nxd5 10. Nxd5 exd5 11. Rb1 a5 12. Bf4 Re8 13. Re1 a4 14. Qc1 b6 15.
Bh6 Bg4 16. Bxg7 Kxg7 17. Qc3+ Kg8 18. e4 d4 19. Qc2 Bxf3 20. Bxf3 Ne5 21. Bg2
Qd7 22. h3 Qb5 23. Red1 f6 24. f4 Nf7 25. b3 Kg7 26. bxa4 Qxa4 27. Qxa4 Rxa4
28. Rxb6 Rxa3 29. Rc6 Rc3 30. Rc7 Kg8 31. e5 fxe5 32. Bd5 Rf8 33. fxe5 1-0

[Event "C.to Italiano U16"]
[Site "Merano - Meran ITA"]
[Date "2008.07.10"]
[Round "7"]
[White "Fiorentini, Paolo"]
[Black "Coladangelo, Andrea"]
[Result "1/2-1/2"]
[WhiteElo "1946"]
[BlackElo "1866"]
[PlyCount "82"]
[EventDate "2008.07.06"]

1. d4 Nf6 2. c4 g6 3. g3 Bg7 4. Bg2 O-O 5. Nc3 d6 6. Nf3 Nbd7 7. O-O e5 8. e4
exd4 9. Nxd4 Re8 10. Re1 Nc5 11. h3 Ne6 12. Be3 Nxd4 13. Bxd4 Be6 14. Qd3 Nd7
15. b3 a5 16. Bxg7 Kxg7 17. f4 f6 18. Re2 Bf7 19. Rae1 Qe7 20. g4 g5 21. Nd5
Bxd5 22. exd5 Qf7 23. fxg5 fxg5 24. Rf1 Qg6 25. Be4 Qh6 26. Rf5 Rf8 27. Qe3
Rxf5 28. Bxf5 Ne5 29. c5 Qf6 30. cxd6 cxd6 31. Rc2 Nf7 32. Qc3 h6 33. Be6 Nd8
34. Qc7+ Kh8 35. Bf5 Nf7 36. Qxb7 Re8 37. Rc8 Qd4+ 38. Kf1 Qf4+ 39. Kg2 Qd2+
40. Kf1 Qf4+ 41. Kg2 Qd2+ 1/2-1/2

[Event "C.to Italiano U16"]
[Site "Merano - Meran ITA"]
[Date "2008.07.10"]
[Round "7"]
[White "Piscitelli, Vito"]
[Black "Lisi, Davide"]
[Result "1/2-1/2"]
[WhiteElo "2003"]
[BlackElo "1999"]
[PlyCount "41"]
[EventDate "2008.07.06"]

1. e4 c5 2. Nc3 Nc6 3. f4 g6 4. Nf3 Bg7 5. Bc4 d6 6. d3 e6 7. O-O Nge7 8. Qe1
O-O 9. f5 d5 10. Bb3 c4 11. dxc4 dxe4 12. f6 Bxf6 13. Nxe4 Bg7 14. Bg5 f6 15.
Bf4 Nf5 16. Rd1 Qa5 17. c5 Qxe1 18. Rfxe1 Na5 19. Nd6 Nxb3 20. cxb3 e5 21. Be3
1/2-1/2

[Event "C.to Italiano U16"]
[Site "Merano - Meran ITA"]
[Date "2008.07.10"]
[Round "7"]
[White "Rombaldoni, Axel"]
[Black "Pomaro, Alberto"]
[Result "1-0"]
[WhiteElo "2374"]
[BlackElo "2246"]
[PlyCount "75"]
[EventDate "2008.07.06"]

1. e4 e6 2. Qe2 c5 3. Nf3 Nc6 4. g3 g6 5. Bg2 Bg7 6. c3 Nge7 7. d3 O-O 8. h4 d5
9. e5 f6 10. exf6 Bxf6 11. Bh6 Re8 12. Nbd2 b5 13. Be3 Qd6 14. Rd1 Bd7 15. Nb3
d4 16. Bg5 Bg7 17. Nfd2 Nd5 18. Ne4 Qc7 19. c4 bxc4 20. dxc4 Ndb4 21. Nexc5
Nxa2 22. Qe4 Nab4 23. Nxd7 Qxd7 24. h5 h6 25. Bd2 g5 26. O-O e5 27. Ra1 Rac8
28. Ra4 a5 29. Nxa5 Nxa5 30. Rxa5 Nc6 31. Ra6 Ne7 32. Rc1 Rc5 33. b4 Rcc8 34.
b5 Rb8 35. b6 Qc8 36. b7 Qc5 37. Ra5 Qc7 38. c5 1-0

[Event "C.to Italiano U16"]
[Site "Merano - Meran ITA"]
[Date "2008.07.10"]
[Round "7"]
[White "Stella, Andrea"]
[Black "Forato, Enrico"]
[Result "1/2-1/2"]
[WhiteElo "2209"]
[BlackElo "2059"]
[PlyCount "56"]
[EventDate "2008.07.06"]

1. d4 Nf6 2. c4 g6 3. Nc3 Bg7 4. e4 d6 5. Be2 O-O 6. Nf3 e5 7. O-O Nc6 8. d5
Ne7 9. Nd2 Ne8 10. b4 f5 11. f3 f4 12. c5 g5 13. Nc4 Ng6 14. Ba3 Rf7 15. b5 Bf8
16. b6 axb6 17. cxb6 cxb6 18. Qb3 h5 19. Rab1 g4 20. Nxb6 g3 21. Nxc8 gxh2+ 22.
Kh1 Rxc8 23. Rfc1 Qg5 24. Bf1 h4 25. Nb5 Rd8 26. Bb4 h3 27. Be1 Rg7 28. Rb2 Nh4
1/2-1/2

[Event "C.to Italiano U16"]
[Site "Merano - Meran ITA"]
[Date "2008.07.10"]
[Round "7"]
[White "Stips, Felix"]
[Black "Mameli, Gianluca"]
[Result "1-0"]
[WhiteElo "2061"]
[BlackElo "1767"]
[PlyCount "57"]
[EventDate "2008.07.06"]

1. Nf3 Nf6 2. c4 c5 3. Nc3 d5 4. cxd5 Nxd5 5. d4 Nc6 6. e4 Nxc3 7. bxc3 cxd4 8.
cxd4 e6 9. Bd3 Be7 10. O-O O-O 11. e5 f5 12. exf6 Bxf6 13. Bb2 Qd6 14. Qd2 b6
15. Rfe1 Kh8 16. Ng5 Bxg5 17. Qxg5 Qd5 18. Qh4 h6 19. Be4 Qd6 20. Qh5 e5 21.
dxe5 Qe6 22. Bxc6 Qxc6 23. e6 Kh7 24. Rac1 Qe8 25. Qe5 Qg6 26. e7 Re8 27. Re3
Qg5 28. Qd6 Rg8 29. e8=Q 1-0

[Event "C.to Italiano U16"]
[Site "Merano - Meran ITA"]
[Date "2008.07.10"]
[Round "7"]
[White "Valsecchi, Alessio"]
[Black "Fiducioso, Marco"]
[Result "1-0"]
[WhiteElo "2298"]
[BlackElo "2103"]
[PlyCount "43"]
[EventDate "2008.07.06"]

1. e4 e6 2. d4 d5 3. Nc3 Nf6 4. Bg5 dxe4 5. Nxe4 Be7 6. Bxf6 Bxf6 7. Nf3 Nd7 8.
Bd3 O-O 9. Qe2 c5 10. O-O-O Be7 11. h4 Qc7 12. Kb1 b6 13. Neg5 Nf6 14. Nxh7
Nxh7 15. Bxh7+ Kxh7 16. Ng5+ Kh6 17. Qe3 f5 18. g4 Bxg5 19. hxg5+ Kg6 20. Qf3
Kf7 21. gxf5 exf5 22. Qxa8 1-0

[Event "C.to Italiano U16"]
[Site "Merano - Meran ITA"]
[Date "2008.07.11"]
[Round "8"]
[White "Bona, Massimiliano"]
[Black "Coladangelo, Andrea"]
[Result "0-1"]
[WhiteElo "1558"]
[BlackElo "1866"]
[PlyCount "64"]
[EventDate "2008.07.06"]

1. d4 Nf6 2. c4 g6 3. Nc3 Bg7 4. e3 O-O 5. Nf3 d6 6. g3 c5 7. Bg2 Nc6 8. O-O a6
9. b3 Qc7 10. Bb2 Rb8 11. Re1 Bd7 12. Qc2 Rfc8 13. dxc5 dxc5 14. Rad1 b5 15.
cxb5 axb5 16. Nd5 Nxd5 17. Bxg7 Kxg7 18. Rxd5 Nb4 19. Qb2+ Kg8 20. Rdd1 c4 21.
bxc4 bxc4 22. Qd4 Ba4 23. Qe5 Qxe5 24. Nxe5 Bxd1 25. Rxd1 c3 26. Be4 f5 27. Bd3
Nxd3 28. Nxd3 c2 29. Rc1 Rb1 30. Kg2 Rxc1 31. Nxc1 Rb8 32. Kf3 Rb1 0-1

[Event "C.to Italiano U16"]
[Site "Merano - Meran ITA"]
[Date "2008.07.11"]
[Round "8"]
[White "Collato, Luca"]
[Black "Fiorentini, Paolo"]
[Result "0-1"]
[WhiteElo "1864"]
[BlackElo "1946"]
[PlyCount "150"]
[EventDate "2008.07.06"]

1. d4 Nf6 2. c4 e6 3. Nc3 Bb4 4. a3 Bxc3+ 5. bxc3 O-O 6. e3 d6 7. Bd3 e5 8. e4
Re8 9. f3 c5 10. Ne2 Nc6 11. O-O b6 12. Bg5 h6 13. Bh4 g5 14. Bf2 Nh5 15. g4
Nf4 16. Nxf4 exf4 17. d5 Ne5 18. Kg2 Bd7 19. h4 Qc8 20. Be2 Kg7 21. Rh1 Rh8 22.
Rc1 Qa6 23. Qb3 Rab8 24. Rb1 Qa4 25. Qxa4 Bxa4 26. Rb2 f6 27. h5 Kf7 28. Rhb1
Ke7 29. Kf1 Kd7 30. Kg2 Kc7 31. Kg1 Bd7 32. Kg2 Bc8 33. a4 Ba6 34. Rb5 Bxb5 35.
cxb5 Ra8 36. Rb2 Kd7 37. Rb1 Rhc8 38. Rd1 c4 39. Bd4 a6 40. Bxb6 axb5 41. a5
Ra6 42. Rb1 Rb8 43. Rxb5 Rc8 44. Bd1 Ke7 45. Ba4 Nd7 46. Rb4 Nxb6 47. axb6 Rca8
48. b7 Rb8 49. Bc6 Ra2+ 50. Kf1 Ra1+ 51. Ke2 Ra2+ 52. Ke1 Ra1+ 53. Kd2 Ra2+ 54.
Kc1 Rf2 55. Ra4 Kd8 56. Rxc4 Rxf3 57. Kd2 Rf2+ 58. Ke1 Rg2 59. Rd4 Rxg4 60. c4
Rh4 61. c5 dxc5 62. Ra4 Rh1+ 63. Ke2 Rb1 64. d6 R1xb7 65. Bxb7 Rxb7 66. Ra8+
Kd7 67. Rh8 Kxd6 68. Rxh6 Ke5 69. Kd3 Rb3+ 70. Kc4 Rh3 71. Rh8 Kxe4 72. Kxc5
Kf3 73. Kd4 g4 74. h6 g3 75. Rh7 g2 0-1

[Event "C.to Italiano U16"]
[Site "Merano - Meran ITA"]
[Date "2008.07.11"]
[Round "8"]
[White "Fiducioso, Marco"]
[Black "Albertini, Luca"]
[Result "1-0"]
[WhiteElo "2103"]
[BlackElo "1887"]
[PlyCount "63"]
[EventDate "2008.07.06"]

1. e4 c5 2. Nf3 Nc6 3. d4 cxd4 4. Nxd4 Nf6 5. Nc3 d6 6. Bg5 e5 7. Ndb5 a6 8.
Na3 b5 9. Bxf6 gxf6 10. Nd5 Bg7 11. c3 O-O 12. Nc2 f5 13. exf5 Bxf5 14. Nce3
Bg6 15. a4 Rb8 16. axb5 axb5 17. Ra6 Na5 18. b4 Nc4 19. Nxc4 bxc4 20. Bxc4 Be4
21. O-O Rc8 22. Ne3 Qg5 23. Bd5 Bg6 24. c4 Rfd8 25. b5 Kh8 26. b6 f5 27. b7 Rb8
28. Ra8 e4 29. Rxb8 Rxb8 30. Qa4 Bd4 31. Rd1 Bc5 32. Qa1+ 1-0